Politická ekonomie teorie, modelování, aplikace

Salvato in:
Dettagli Bibliografici
Natura: Periodico
Lingua:ceco
Pubblicazione: Praha Vysoká škola ekonomická 2006
Soggetti:
Tags: Aggiungi Tag
Nessun Tag, puoi essere il primo ad aggiungerne!!

MARC

LEADER 00000nas2a22000001 4500
001 0109712
005 20100913104629.0
022 |a 0032-3233 
041 0 |a cze 
044 |a CZ 
245 1 0 |a Politická ekonomie  |b teorie, modelování, aplikace 
264 1 |a Praha  |b Vysoká škola ekonomická  |c 2006 
773 0 |w eu_un_cat*s120013 
610 2 0 |a ekonómia politická 
610 2 0 |a výskum ekonomický 
610 2 0 |a teórie ekonomické